Mediation in the asia-pacific region : (Record no. 16021)

000 -LEADER
fixed length control field 02295nam a2200349 a 4500
001 - CONTROL NUMBER
control field ASIN0415489679
005 - DATE AND TIME OF LATEST TRANSACTION
control field 20170105102930.0
008 - FIXED-LENGTH DATA ELEMENTS--GENERAL INFORMATION
fixed length control field 140115s2009 xxu eng d
020 ## - INTERNATIONAL STANDARD BOOK NUMBER
International Standard Book Number 0415489679 (hardcover)
Terms of availability $140.00
020 ## - INTERNATIONAL STANDARD BOOK NUMBER
International Standard Book Number 9780415489676 (hardcover)
040 ## - CATALOGING SOURCE
Original cataloging agency 0
050 04 - LIBRARY OF CONGRESS CALL NUMBER
Classification number JZ5584.A7
082 04 - DEWEY DECIMAL CLASSIFICATION NUMBER
Classification number 327.172095
Author Mark MED 2009
245 10 - TITLE STATEMENT
Title Mediation in the asia-pacific region :
Remainder of title transforming conflicts and building peace /
Statement of responsibility, etc. Dale Bagshaw, Elisabeth Porter.
250 ## - EDITION STATEMENT
Edition statement 1st ed.
260 ## - PUBLICATION, DISTRIBUTION, ETC.
Place of publication, distribution, etc. [S.l.] :
Name of publisher, distributor, etc. Routledge,
Date of publication, distribution, etc. 2009.
300 ## - PHYSICAL DESCRIPTION
Extent 240 p. ;
Dimensions 24 cm.
490 1# - SERIES STATEMENT
Series statement Routledge advances in international relations and global politics.
520 ## - SUMMARY, ETC.
Summary, etc. This book examines mediation in connection with peacebuilding in the Asia-Pacific region, providing practical examples which either highlight the weaknesses within certain mediation approaches or demonstrate best-practice. The authors explore the extent to which current ideas and practices of mediation in the Asia-Pacific region are dominated by Western understandings and critically challenge the appropriateness of such thinking. Featuring a range of case studies on Fiji, Vanuatu, Papua New Guinea, Malaysia, Vietnam, China, Singapore, Indonesia, the Philippines and Thailand, this book has three main aims: To challenge dominant Western practices and ways of thinking on mediation that currently are being imposed in the Asia-Pacific region; To develop culturally-fluent and socially just mediation alternatives that build upon local, traditional or religious approaches; To situate mediation within ideas and practices on peacebuilding. Making a unique contribution to peace and conflict studies literature by explicitly linking mediation and peacebuilding practices, this book is a vital text for students and scholars in these fields.
650 #0 - SUBJECT ADDED ENTRY--TOPICAL TERM
Topical term or geographic name entry element Asia
650 #0 - SUBJECT ADDED ENTRY--TOPICAL TERM
Topical term or geographic name entry element Conflict management
650 #0 - SUBJECT ADDED ENTRY--TOPICAL TERM
Topical term or geographic name entry element Mediation
650 #0 - SUBJECT ADDED ENTRY--TOPICAL TERM
Topical term or geographic name entry element Mediation, International
650 #0 - SUBJECT ADDED ENTRY--TOPICAL TERM
Topical term or geographic name entry element Pacific Area
650 #0 - SUBJECT ADDED ENTRY--TOPICAL TERM
Topical term or geographic name entry element Peace-building
650 #0 - SUBJECT ADDED ENTRY--TOPICAL TERM
Topical term or geographic name entry element Political science
700 1# - ADDED ENTRY--PERSONAL NAME
Personal name Bagshaw, Dale.
700 1# - ADDED ENTRY--PERSONAL NAME
Personal name Porter, Elisabeth.
830 #0 - SERIES ADDED ENTRY--UNIFORM TITLE
Uniform title Routledge advances in international relations and global politics.
856 40 - ELECTRONIC LOCATION AND ACCESS
Materials specified Amazon.com
Uniform Resource Identifier <a href="http://www.amazon.com/exec/obidos/ASIN/0415489679/chopaconline-20">http://www.amazon.com/exec/obidos/ASIN/0415489679/chopaconline-20</a>
942 ## - ADDED ENTRY ELEMENTS (KOHA)
Source of classification or shelving scheme
Koha item type Book
Holdings
Withdrawn status Lost status Damaged status Not for loan Collection code Permanent Location Current Location Shelving location Date acquired Total Checkouts Total Renewals Full call number Barcode Date last seen Date last checked out Price effective from Koha item type
          Centre for International Peace & Stability (CIPS) Centre for International Peace & Stability (CIPS) General Stacks 11/21/2013 1 1 327.172095 MED 2009 CIPS0002497 12/11/2023 07/10/2023 01/15/2014 Book
© 2023 Central Library, National University of Sciences and Technology. All Rights Reserved.